Word Ladder: Star Trek TNG Quiz Stats

 Plays Quiz Updated Sep 11, 2018

Score 0/36 Timer 03:00
2 Plays Today
Clue Word % Correct
Skateboarder TonyHAWK
90.7%
Actress Goldie who went 'Overboard'HAWN
90.4%
Pick up a bookREAD
90.2%
He baptized Jesus•JOHN•
87.3%
Every candle needs oneWICK
86.7%
VomitPUKE
85.2%
Gain access illegallyHACK
85.1%
Bobby Darin's '____ the Knife'MACK
84.6%
Jett of the BlackheartsJOAN
84%
;-)WINK
80.8%
Guitar strummer•PICK•
80.7%
Can't fly a kite without itWIND
80.7%
'____ Bitsy Spider'ITSY
77.6%
Kylo Ren's uncle•LUKE•
77.5%
Moon, in FrenchLUNE
75.9%
Like logs cut while sleeping?SAWN
75.2%
PlantedSOWN
73.6%
Tear to shredsREND
73%
Clue Word % Correct
Like taking candy from a babyEASY
72.7%
Tool for a TSA agentWAND
72.4%
Purple-brownPUCE
72.1%
The OrientEAST
72%
Shakespearean spritePUCK
70.8%
Crafty online shopping siteETSY
70.2%
'____ thou seen the White Whale?'HAST
69.3%
What the dealer dealsHAND
68.3%
German sonSOHN
67.9%
Via Appia or El Camino RealROAD
66.7%
Tear gas brandMACE
66.2%
Magritte or DescartesRENÉ
65.8%
'The Grapes of Wrath' familyJOAD
64.4%
Having a 10 on the Mohs scale•HARD•
61.9%
Old Norse characterRUNE
60.6%
Archaic term for stagHART
56.9%
First part of Star Trek catchphrase•MAKE•
46%
Last part of Star Trek catchphrase•IT SO•
30.6%

Today's Daily Dose

Missing Word
Celine Dion

Word Ladder
Dr. Seuss Books

Quick Pick
Cities in India

Get the Picture
'A' Actresses

You're not logged in!

Compare scores with friends on all Sporcle quizzes.
OR
Log In

Sporcle TV

Today on Sporcle TV


Watch our educational content, quiz creation guides, and fun videos on Sporcle TV.

Show Comments

Extras

Top Quizzes Today


Score Distribution

Your Account Isn't Verified!

In order to create a playlist on Sporcle, you need to verify the email address you used during registration. Go to your Sporcle Settings to finish the process.

Report this User

Report this user for behavior that violates our Community Guidelines.

Details: